La educación como proceso conectivo de la sociedad, la ciencia, la tecnología y la política

में बचाया:
ग्रंथसूची विवरण
मुख्य लेखक: Miranda Pacheco, Mario (autor)
स्वरूप: पुस्तक
भाषा:स्पेनिश
प्रकाशित: Ciudad de México Trillas 1978
श्रृंखला:Cursos básicos para formación de profesores. Area de sociedad, economía y educación, 1
विषय:
टैग: टैग जोड़ें
कोई टैग नहीं, इस रिकॉर्ड को टैग करने वाले पहले व्यक्ति बनें!

MARC

LEADER 00000nam a2200000 a 4500
001 UCY8146
003 CL-VaPUC
008 950623e19780000MX |||||||||||||||||spa|d
082 0 4 |a 370.19  |b MIR  |2 21 
100 |a Miranda Pacheco, Mario  |e autor  |9 339332 
245 1 3 |a La educación como proceso conectivo de la sociedad, la ciencia, la tecnología y la política 
300 |a 192 p 
942 |c BK 
945 |d 19950623 00:00:00  |a cmena 
260 |a Ciudad de México  |b Trillas  |c 1978 
650 7 |a EDUCACION Y DESARROLLO  |2 CL-VaPUC  |9 324696 
650 0 |a Desarrollo económico y social   |9 256320 
650 7 |a PAPEL DE LA EDUCACION  |2 CL-VaPUC  |9 338800 
650 0 |a Planificación de la educación   |9 307333 
650 0 |a Investigación científica  |9 259857 
650 0 |a Política  |9 255312 
650 0 |a Sociedad contemporánea  |9 337179 
650 0 |a Cambio social   |9 256857 
583 |a last modification  |c 19950623 00:00:00  |k Rodrigo Vera 
490 0 |a Cursos básicos para formación de profesores. Area de sociedad, economía y educación, 1 
999 |c 235424  |d 235422 
952 |0 0  |1 0  |4 0  |6 370_190000000000000_MIR_1978  |7 0  |8 A  |9 242827  |a BIBEDU  |b BIBEDU  |d 2019-11-18  |i 1524135  |o 370.19 MIR 1978  |p 1524135  |r 2019-11-18  |w 2019-11-18  |y BK  |k EDU